Southville International School and Colleges
Your cart is empty.
  • Cart
  • Lists
    Public lists list_1 View all
    Your lists Log in to create your own lists
  • Log in to your account
  • Your cookies
  • Search history
Southville International School and Colleges
  • Advanced search
  • Recent comments
  • Most popular
  • Libraries

Log in to your account

Log in with GOOGLE


If you do not have an external account, but do have a local account, you can still log in:

  1. Home
  2. MARC view: Vocabulary builder French
Normal view MARC view ISBD view

Vocabulary builder French (Record no. 15137)

[ view plain ]
MARC details
000 -LEADER
fixed length control field 01146cam a22003374a 4500
001 - CONTROL NUMBER
control field 12273364
003 - CONTROL NUMBER IDENTIFIER
control field OSt
005 - DATE AND TIME OF LATEST TRANSACTION
control field 20140310182657.0
008 - FIXED-LENGTH DATA ELEMENTS--GENERAL INFORMATION
fixed length control field 010108s2001 nyua 000 0 eng
010 ## - LIBRARY OF CONGRESS CONTROL NUMBER
LC control number 2001086130
020 ## - INTERNATIONAL STANDARD BOOK NUMBER
International Standard Book Number 0764118218
040 ## - CATALOGING SOURCE
Original cataloging agency DLC
Transcribing agency DLC
Modifying agency DLC
041 0# - LANGUAGE CODE
Language code of text/sound track or separate title engfre
042 ## - AUTHENTICATION CODE
Authentication code pcc
050 00 - LIBRARY OF CONGRESS CALL NUMBER
Classification number PC 2445
Item number .D916 2001
082 00 - DEWEY DECIMAL CLASSIFICATION NUMBER
Classification number M 448.2421
-- 21
Item number D93 2001
100 1# - MAIN ENTRY--PERSONAL NAME
Personal name Dungern, Muriel von.
245 10 - TITLE STATEMENT
Title Vocabulary builder French
Remainder of title mastering the most common French words and phrases
Statement of responsibility, etc von Dungern, Muriel
260 ## - PUBLICATION, DISTRIBUTION, ETC. (IMPRINT)
Place of publication, distribution, etc Hauppauge, N.Y.
Name of publisher, distributor, etc Barron's
Date of publication, distribution, etc c2001
300 ## - PHYSICAL DESCRIPTION
Extent 116 p.
Other physical details ill.
Dimensions 23 cm.
521 ## - TARGET AUDIENCE NOTE
Target audience note
526 ## - STUDY PROGRAM INFORMATION NOTE
Reading level 1210L to 1700L
541 ## - IMMEDIATE SOURCE OF ACQUISITION NOTE
-- 1
562 ## - COPY AND VERSION IDENTIFICATION NOTE
Number of copies for circulation. 1 copy available in the collection
650 #0 - SUBJECT ADDED ENTRY--TOPICAL TERM
Topical term or geographic name as entry element French language
General subdivision Vocabulary.
650 #0 - SUBJECT ADDED ENTRY--TOPICAL TERM
Topical term or geographic name as entry element French language
General subdivision Self instruction.
856 42 - ELECTRONIC LOCATION AND ACCESS
Materials specified Publisher description
Uniform Resource Identifier <a href="http://www.loc.gov/catdir/enhancements/fy0630/2001086130-d.html">http://www.loc.gov/catdir/enhancements/fy0630/2001086130-d.html</a>
906 ## - LOCAL DATA ELEMENT F, LDF (RLIN)
a 7
b cbc
c orignew
d 2
e epcn
f 20
g y-gencatlg
942 ## - ADDED ENTRY ELEMENTS (KOHA)
Source of classification or shelving scheme Library of Congress Classification
Koha item type Books
Call number prefix
Holdings
Withdrawn status Lost status Source of classification or shelving scheme Damaged status Home library Current library Shelving location Date acquired Total Checkouts Full call number Barcode Date last seen Copy number Price effective from Koha item type
    Library of Congress Classification   College Library College Library General Circulation Section 04/18/2012   PC 2445 .D916 2001 c0517 05/15/2018 1 04/18/2012 Books

Vocabulary builder French

APA

Dungern M. v., . (2001). Vocabulary builder French. Hauppauge, N.Y: Barron's.

Chicago

Dungern Muriel von, . 2001. Vocabulary builder French. Hauppauge, N.Y: Barron's.

Harvard

Dungern M. v., . (2001). Vocabulary builder French. Hauppauge, N.Y: Barron's.

MLA

Dungern Muriel von, . Vocabulary builder French. Hauppauge, N.Y: Barron's. 2001.

  • Place hold
  • Print
  • Cite
  • Add to your cart (remove)
  • Save record
    BIBTEX Dublin Core MARCXML MARC (non-Unicode/MARC-8) MARC (Unicode/UTF-8) MARC (Unicode/UTF-8, Standard) MODS (XML) RIS
  • More searches
    Search for this title in:
    Other Libraries (WorldCat) Other Databases (Google Scholar) Online Stores (Bookfinder.com) Open Library (openlibrary.org)

Exporting to Dublin Core...

SOUTHVILLE LIBRARY

Southville International School and Colleges Library

1281 Tropical Ave. Cor. Luxembourg St., BF Homes International, Las Pinas City

Tel. No. 8256374 / 252358 Loc. 117/146

Powered by Koha